| 000 | 01713nam a2200325 a 4500 | ||
|---|---|---|---|
| 003 | BLK | ||
| 005 | 20250210141109.0 | ||
| 008 | 180407b bul|||||r ||||||| ||bul|| | ||
| 010 | _aKNG00033923000 | ||
| 020 | _a9786197546859 | ||
| 040 | _aBLK | ||
| 041 |
_aBUL _cBUL |
||
| 080 |
_aФилософски мистицизъм. Ранни езотерични школи. Кабала. Теософия. Антропософия. Суфизъм. Еклектизъм. Синкретизъм. Херметизъм. Розенкройцерство. Др. школи _b141.33 _z141.33 |
||
| 080 |
_aБратства. Религиозни общества. Вж и 061.23;266;267;271 _b255/256 _9227450 _z255/256 |
||
| 084 | _aД 95 | ||
| 100 |
_aДънов, Петър Константинов _cБеинса Дуно ; Учителя Беинса Дуно _d1864-1944 _gФилософ, създава Школата на Всемирното Бяло братство в България _9363384 |
||
| 245 | 1 | 0 |
_aЕдинството като принцип и проява _bИзбрани мисли, резюмета на беседи, молитви, формули и упражнения _cПетър Дънов |
| 257 | _aBGR | ||
| 260 |
_bДема прес _c2023 _9390643 _aРусе _fДема прес ООД |
||
| 300 |
_a320 с. _c20 см |
||
| 380 | _a1 | ||
| 650 | 4 |
_aДъновизъм _9153927 |
|
| 653 |
_aпорядък _9194225 |
||
| 852 | _bЦб | ||
| 856 | 4 | _qpdf | |
| 856 | 4 | _qpdf | |
| 942 |
_cKNG _n0 _04 |
||
| 944 |
_a30570 _cМоника Янева _k30530 _lМинев Младен |
||
| 999 |
_c507934 _d507934 |
||